Online Catalogue and eLibrary

Bauddha arthika darsanaya (Record no. 884)

MARC details
000 -LEADER
fixed length control field 00425nam a2200157Ia 4500
005 - DATE AND TIME OF LATEST TRANSACTION
control field 20250516025448.0
008 - FIXED-LENGTH DATA ELEMENTS--GENERAL INFORMATION
fixed length control field 240331s9999 xx 000 0 und d
020 ## - INTERNATIONAL STANDARD BOOK NUMBER
ISBN 9559555901
082 ## - DDC Classification
Class No. 294
Item Number - Author Mark BEL
100 ## - MAIN ENTRY--PERSONAL NAME
Personal name Beligalle Dhammajoti, Bhikkhu
245 #0 - TITLE STATEMENT
Title Bauddha arthika darsanaya
260 ## - PUBLICATION, DISTRIBUTION, ETC.
Place of publication, distribution, etc. Dehiwala
Name of publisher, distributor, etc. Sri devi publishers
Date of publication, distribution, etc. 1993
300 ## - PHYSICAL DESCRIPTION
Extent (e.g. Volumes, Pages etc.) 126 p .,
500 ## - GENERAL NOTE
General note A Book of Buddhist Economic Philosophy
942 ## - Koha item type (Biblio)
Koha item type Books in Stacks (Lending)
Holdings
Lost status Damaged status Collection code Home library Current library Shelving location Date acquired Full call number Accession Number Item type
    Lending WERC Library WERC Library Social Science Cupboard 03/31/2024 294 BEL 3341 Books in Stacks (Lending)

© WERC Library